Sports Quiz

Random Sports or MLB Quiz

New York Yankees Opening Day Starting Pitchers Quiz Stats

 Plays Quiz Updated Apr 1, 2019

Score 0/119 Timer 13:00
7 Plays Today
Year Starter % Correct
1999Roger Clemens
90.3%
2001Roger Clemens
90.3%
2002Roger Clemens
90.3%
2003Roger Clemens
90.3%
2009CC Sabathia
90.3%
2010CC Sabathia
90.3%
2011CC Sabathia
90.1%
2012CC Sabathia
90.1%
2013CC Sabathia
90.1%
2014CC Sabathia
90.1%
2019Masahiro Tanaka
77.7%
1954Whitey Ford
77%
1955Whitey Ford
77%
1957Whitey Ford
77%
1961Whitey Ford
77%
1962Whitey Ford
77%
1964Whitey Ford
77%
1966Whitey Ford
77%
1998Andy Pettitte
75.2%
2017Masahiro Tanaka
75.1%
2015Masahiro Tanaka
74.7%
2016Masahiro Tanaka
74.7%
1996David Cone
70.1%
1997David Cone
70.1%
2018Luis Severino
70%
2004Mike Mussina
68.4%
1981Tommy John
68.1%
1989Tommy John
68.1%
2005Randy Johnson
67.5%
2006Randy Johnson
67.5%
1978Ron Guidry
60.4%
1979Ron Guidry
60.4%
1980Ron Guidry
60.4%
1982Ron Guidry
60.4%
1983Ron Guidry
60.4%
1984Ron Guidry
60.4%
1986Ron Guidry
60.4%
1976Catfish Hunter
42.7%
1977Catfish Hunter
42.7%
2000Orlando Hernandez
42.6%
Year Starter % Correct
1993Jimmy Key
39.7%
1994Jimmy Key
39.7%
1995Jimmy Key
39.7%
1932Lefty Gomez
39%
1933Lefty Gomez
39%
1934Lefty Gomez
39%
1935Lefty Gomez
39%
1936Lefty Gomez
39%
1937Lefty Gomez
39%
2008Chien-Ming Wang
36.4%
1956Don Larsen
31.8%
1958Don Larsen
31.8%
1931Red Ruffing
30.2%
1938Red Ruffing
30.2%
1939Red Ruffing
30.2%
1940Red Ruffing
30.2%
1942Red Ruffing
30.2%
1967Mel Stottlemyre
28.9%
1968Mel Stottlemyre
28.9%
1969Mel Stottlemyre
28.9%
1970Mel Stottlemyre
28.9%
1972Mel Stottlemyre
28.9%
1973Mel Stottlemyre
28.9%
1974Mel Stottlemyre
28.9%
1922Sad Sam Jones
26.1%
2007Carl Pavano
25.8%
1985Phil Niekro
22.5%
1948Allie Reynolds
20.9%
1950Allie Reynolds
20.9%
1903Jack Chesbro
20.4%
1904Jack Chesbro
20.4%
1905Jack Chesbro
20.4%
1906Jack Chesbro
20.4%
1927Waite Hoyt
19.8%
1959Bob Turley
15.5%
1951Vic Raschi
15%
1952Vic Raschi
15%
1953Vic Raschi
15%
1928Herb Pennock
15%
1965Jim Bouton
13.4%
Year Starter % Correct
1963Ralph Terry
13.3%
1992Scott Sanderson
12.7%
1946Spud Chandler
12.5%
1947Spud Chandler
12.5%
1949Ed Lopat
11.5%
1902Tom Hughes
10.9%
1988Rick Rhoden
9.4%
1921Carl Mays
9.3%
1991Tim Leary
9.1%
1920Bob Shawkey
9%
1923Bob Shawkey
9%
1924Bob Shawkey
9%
1926Bob Shawkey
9%
1925Urban Shocker
8.6%
1987Dennis Rasmussen
8.2%
1971Stan Bahnsen
8.1%
1975Doc Medich
8.1%
1990Dave LaPoint
6.2%
1929George Pipgras
5.6%
1930George Pipgras
5.6%
1960Jim Coates
5.1%
1901Joe McGinnity
4.8%
1912Ray Caldwell
4.5%
1916Ray Caldwell
4.5%
1917Ray Caldwell
4.5%
1943Tiny Bonham
4.2%
1910Hippo Vaughn
3.9%
1911Hippo Vaughn
3.9%
1941Marius Russo
3.9%
1907Al Orth
3.8%
1944Hank Borowy
3.6%
1945Atley Donald
3.3%
1918George Mogridge
3.2%
1919George Mogridge
3.2%
1908Slow Joe Doyle
3%
1915Jack Warhop
2.7%
1913George McConnell
2.5%
1914Marty McHale
2.5%
1909Doc Newton
2.2%

You're not logged in!

Compare scores with friends on all Sporcle quizzes.
OR
Log In

Show Comments

Extras

Top Quizzes Today


Score Distribution

Your Account Isn't Verified!

In order to create a playlist on Sporcle, you need to verify the email address you used during registration. Go to your Sporcle Settings to finish the process.

Report this User

Report this user for behavior that violates our Community Guidelines.

Details: